Contemporary public space: un-volumetric architecture
Guardat en:
| Autors principals: | , |
|---|---|
| Format: | Llibre |
| Idioma: | anglès |
| Publicat: |
Milán
Skira
2006
|
| Edició: | 1a. ed |
| Matèries: | |
| Etiquetes: |
Afegir etiqueta
Sense etiquetes, Sigues el primer a etiquetar aquest registre!
|
MARC
| LEADER | 00000cam a2200000 a 4500 | ||
|---|---|---|---|
| 001 | UCD2317 | ||
| 003 | CL-VaPUC | ||
| 008 | 160421e20060000it |||||||||||||||||eng|d | ||
| 020 | |a 9788876242731 | ||
| 082 | 0 | 4 | |a 725 |b AYM |2 21 |
| 100 | 0 | |a Aymonino, Aldo |e author |9 585645 | |
| 700 | 0 | |a Mosco, Valerio Paolo |e author |9 585646 | |
| 245 | 1 | 0 | |a Contemporary public space: un-volumetric architecture |
| 250 | |a 1a. ed | ||
| 300 | |a 393 p | ||
| 942 | |c BK | ||
| 945 | |d 20160421 23:07:00 |a arojas | ||
| 260 | |a Milán |b Skira |c 2006 | ||
| 650 | 0 | |a Espacios públicos |9 468964 | |
| 650 | 0 | |a Arquitectura urbana |9 331978 | |
| 650 | 0 | |a Arquitectura contemporánea |9 367350 | |
| 583 | |a last modification |c 20160421 23:07:00 |k Rodrigo Vera | ||
| 999 | |c 363479 |d 363477 | ||
| 952 | |0 0 |1 0 |3 erb |4 0 |6 725_000000000000000_AYM_2006 |7 0 |8 R |9 475931 |a BIBARQ |b BIBARQ |i 5282799 |o 725 AYM 2006 |p 5282799 |r 2025-01-20 |w 2019-11-24 |y BK_R |z Catalogado en:20160421 |k ARQ | ||